Un atelier de sculpture ornemaniste à Bordeaux (notice n° 1605920)

détails MARC
000 -LEADER
fixed length control field 01834cam a2200169 4500500
005 - DATE AND TIME OF LATEST TRANSACTION
control field 20251228095228.0
041 ## - LANGUAGE CODE
Language code of text/sound track or separate title fre
042 ## - AUTHENTICATION CODE
Authentication code dc
100 10 - MAIN ENTRY--PERSONAL NAME
Personal name Beccia, Isabelle
Relator term author
245 00 - TITLE STATEMENT
Title Un atelier de sculpture ornemaniste à Bordeaux
260 ## - PUBLICATION, DISTRIBUTION, ETC.
Date of publication, distribution, etc. 2005.<br/>
500 ## - GENERAL NOTE
General note 83
520 ## - SUMMARY, ETC.
Summary, etc. RésuméDans la seconde moitié du xixe siècle le mobilier liturgique est une préoccupation constante, dans une période de restauration du patrimoine religieux à l’abandon et de constructions de nouvelles églises. Bernard Jabouin (1810-1889) marbrier sculpteur crée une fabrique de mobilier religieux à Bordeaux dont l’activité dépasse largement le cadre local. Passionné d’archéologie, cet artiste cherche à retrouver l’esprit et les formes du Moyen Âge et produit de très nombreuses œuvres dans le style néo-gothique. Ces dernières, expressions sincères de la foi chrétienne connaissent un réel succès dans un contexte de renouveau religieux.
520 ## - SUMMARY, ETC.
Summary, etc. During the second half of the 19 th century, religious furniture was a constant preoccupation, in a period of renovation of neglected religious patrimony and construction of new churches. Bernard Jabouin (1810-1889), marble mason and sculptor, founded a factory of religious furniture in Bordeaux, the activity of which largely outgrew the local market. An enthusiast of archaeology, this artist tried to find the spirit and the forms of the Middle-Ages and produced a large number of works in the neo-gothic style. These works, sincere expressions of the Christian faith, met with a real success in a context of religious revival.
786 0# - DATA SOURCE ENTRY
Note Sociétés & Représentations | 20 | 2 | 2005-09-01 | p. 137-151 | 1262-2966
856 41 - ELECTRONIC LOCATION AND ACCESS
Uniform Resource Identifier <a href="https://shs.cairn.info/revue-societes-et-representations-2005-2-page-137?lang=fr&redirect-ssocas=7080">https://shs.cairn.info/revue-societes-et-representations-2005-2-page-137?lang=fr&redirect-ssocas=7080</a>

Pas d'exemplaire disponible.

PLUDOC

PLUDOC est la plateforme unique et centralisée de gestion des bibliothèques physiques et numériques de Guinée administré par le CEDUST. Elle est la plus grande base de données de ressources documentaires pour les Étudiants, Enseignants chercheurs et Chercheurs de Guinée.

Adresse

627 919 101/664 919 101

25 boulevard du commerce
Kaloum, Conakry, Guinée

Réseaux sociaux

Powered by Netsen Group @ 2025